Land in the Southern Hemisphere claimed by countries - Statistics

General Stats
  • This quiz has been taken 13 times
  • The average score is 5 of 6
Answer Stats
Hint Answer % Correct
Tierra de Fuego Argentina/Chile
100%
French Southern and Antarctic Lands France
100%
Tristen de Cunha United Kingdom
100%
Heard and McDonald Islands Australia
92%
Bouvet Island Norway
75%
Prince Edward Islands South Africa
75%
No matching quizzes found
Score Distribution
Percent of People with Each Score
Percentile by Number Answered
Your Score History
You have not taken this quiz